Most Visited Airports in Türkiye - Statistics

General Stats
  • This quiz has been taken 167 times
  • The average score is 8 of 10
Answer Stats
Rank and Number Answer % Correct
1- 43.326.198 IST - Istanbul Havalimanı - İstanbul
99%
4- 6.680.838 ESB - Ankara Esenboğa Havalimanı - Ankara
96%
5- 5.886.877 ADB - Adnan Menderes Havalimanı - İzmir
94%
3- 18.383.949 AYT - Antalya Havalimanı - Antalya
92%
2- 20.572.088 SAW - Sabiha Gökçen Havalimanı - İstanbul
88%
7- 2.632.761 ADA- Şakirpaşa Havalimanı - Adana
80%
9- 1.955.951 TZX - Trabzon Havlimanı - Trabzon
78%
8- 2.141.266 BJV - Milas-Bodrum Havalimanı - Muğla
71%
6- 2.706.576 DLM - Muğla Dalaman Havalimanı - Muğla
66%
10- 1.427.559 GZT - Gazintep Havalimanı - Gaziantep
45%
No matching quizzes found
Score Distribution
Percent of People with Each Score
Percentile by Number Answered
Your Score History
You have not taken this quiz